000
00202 a2200097 4500
001
7793
100
_a
Daley, J U
245
_a
Principles of electronics
260
_a
_b
U S N I
_c
090
_c
6243
_d
6243
942
_a
NUST-CAE
_c
M
_c
32760
999
_c
242866
_d
242866